Employee Relations within the Factory (Record no. 2131)

MARC details
005 - DATE AND TIME OF LATEST TRANSACTION
control field 20250507141126.0
020 ## - INTERNATIONAL STANDARD BOOK NUMBER
International Standard Book Number 333 14540 2
082 ## - DEWEY DECIMAL CLASSIFICATION NUMBER
Classification number 658. 31 MIT
100 ## - MAIN ENTRY--PERSONAL NAME
Author name MITCHELL, W.
245 ## - TITLE STATEMENT
Title Employee Relations within the Factory
260 ## - PUBLICATION, DISTRIBUTION, ETC.
Place of publication, distribution, etc. London,
Name of publisher, distributor, etc. The Macmillan Press LTD,
Date of publication, distribution, etc. 1973.
300 ## - PHYSICAL DESCRIPTION
Extent 135p.: figure, table.
Other physical details Bibliography, index.
Dimensions 21cm.
700 ## - ADDED ENTRY--PERSONAL NAME
Other authors/Editors CORBERT, A. R.
942 ## - ADDED ENTRY ELEMENTS (KOHA)
Source of classification or shelving scheme Dewey Decimal Classification
Koha item type Books
Holdings
Date last seen Total checkouts Full call number Barcode Cost, replacement price Price effective from Koha item type Lost status Source of classification or shelving scheme Damaged status Not for loan Withdrawn status Home library Current library Shelving location Date acquired Cost, normal purchase price
05/07/2025   658. 31 MIT 0000008149 30000.00 05/07/2025 Books   Dewey Decimal Classification       College of Business Education Main Library College of Business Education Main Library General Collection 10/05/1979 10000.00
05/07/2025   658. 31 MIT 0000008150 30000.00 05/07/2025 Books   Dewey Decimal Classification       College of Business Education Main Library College of Business Education Main Library General Collection 10/05/1979 10000.00
05/07/2025   658. 31 MIT 0000008151 30000.00 05/07/2025 Books   Dewey Decimal Classification       College of Business Education Main Library College of Business Education Main Library General Collection 10/05/1979 10000.00